| 000 | 01140cam a2200241 4500 | ||
|---|---|---|---|
| 001 | L136907 | ||
| 008 | 070301n2003 000 0 eng u | ||
| 020 | _a0117538965 | ||
| 035 | _a(Sirsi) u136907 | ||
| 041 | 0 | _aeng | |
| 050 | _a333.16 $2 18 | ||
| 110 | 2 |
_aUnited Kingdom _bOffice of the Deputy Prime Minister |
|
| 245 |
_aLocal Government Act 1972 general disposal consent (England) 2003 disposal of land for less than the best consideration that can reasonably be obtained _h[electronic resource] |
||
| 260 |
_aLondon _bODPM _c2003 |
||
| 490 | 0 |
_aODPM Circular _v 06 $2 003 |
|
| 520 | _aConveys the Local Government Act 1972: General Disposal Consent 2003, which is attached as an Annex, and provides guidance to local authorities in England which have land disposal powers under ss 123 and 127 of the 1972 Act. | ||
| 650 | 2 | 4 | _aODPM CIRCULAR 06/2003 |
| 650 | 2 | 4 | _aLOCAL GOVERNMENT ACT 1972 |
| 651 | 4 |
_aEngland _y886- |
|
| 690 | _aPROPERTY-PROPERTY ACQUISITION AND DISPOSAL | ||
| 856 | 4 | 0 |
_uhttps://www.communities.gov.uk/index.asp?id=1144327 _zView the circular free of charge online at www.communities.gov.uk... |
| 942 | _n0 | ||
| 999 |
_c106540 _d106540 |
||